Human sectional anatomy : (Record no. 170126)
[ view plain ]
| 000 -LEADER | |
|---|---|
| fixed length control field | 01110cam a2200325 a 4500 |
| 008 - FIXED-LENGTH DATA ELEMENTS--GENERAL INFORMATION | |
| fixed length control field | |
| 020 ## - INTERNATIONAL STANDARD BOOK NUMBER | |
| International Standard Book Number | 0750633670 (Hardback) |
| 040 ## - CATALOGING SOURCE | |
| Original cataloging agency | NUST |
| Transcribing agency | NUST |
| 049 ## - LOCAL HOLDINGS (OCLC) | |
| Holding library | MAIN |
| 090 ## - LOCALLY ASSIGNED LC-TYPE CALL NUMBER (OCLC); LOCAL CALL NUMBER (RLIN) | |
| Classification number (OCLC) (R) ; Classification number, CALL (RLIN) (NR) | QM25 |
| Local cutter number (OCLC) ; Book number/undivided call number, CALL (RLIN) | ELI |
| 003 - CONTROL NUMBER IDENTIFIER | |
| control field | |
| 005 - DATE AND TIME OF LATEST TRANSACTION | |
| control field | 20230123141236.0 |
| 100 1# - MAIN ENTRY--PERSONAL NAME | |
| Personal name | Ellis, Harold, |
| Dates associated with a name | 1926- |
| 245 10 - TITLE STATEMENT | |
| Title | Human sectional anatomy : |
| Remainder of title | atlas of body sections, CT and MRI images / |
| Statement of responsibility, etc. | Harold Ellis, Bari M. Logan, Adrian K. Dixon |
| 250 ## - EDITION STATEMENT | |
| Edition statement | Second edition |
| 264 #1 - PRODUCTION, PUBLICATION, DISTRIBUTION, MANUFACTURE, AND COPYRIGHT NOTICE | |
| Place of production, publication, distribution, manufacture | Oxford : |
| Name of producer, publisher, distributor, manufacturer | Butterworth-Heinemann, |
| Date of production, publication, distribution, manufacture, or copyright notice | 1999 |
| 300 ## - PHYSICAL DESCRIPTION | |
| Extent | x, 245 pages : |
| Other physical details | illustrations (some color) ; |
| Dimensions | 36 cm |
| 336 ## - CONTENT TYPE | |
| Content type term | text |
| Content type code | txt |
| Source | rdacontent |
| 337 ## - MEDIA TYPE | |
| Media type term | unmediated |
| Media type code | n |
| Source | rdamedia |
| 338 ## - CARRIER TYPE | |
| Carrier type term | volume |
| Carrier type code | nc |
| Source | rdacarrier |
| 500 ## - GENERAL NOTE | |
| General note | Previous ed.: published as Human cross-sectional anatomy. 1991 |
| 504 ## - BIBLIOGRAPHY, ETC. NOTE | |
| Bibliography, etc. note | Includes index |
| 650 #0 - SUBJECT ADDED ENTRY--TOPICAL TERM | |
| Topical term or geographic name entry element | Tomography |
| Form subdivision | Atlases. |
| 650 #0 - SUBJECT ADDED ENTRY--TOPICAL TERM | |
| Topical term or geographic name entry element | Human anatomy |
| Form subdivision | Atlases. |
| 700 1# - ADDED ENTRY--PERSONAL NAME | |
| Personal name | Logan, B. M. |
| 700 1# - ADDED ENTRY--PERSONAL NAME | |
| Personal name | Dixon, Adrian K. |
| 700 1# - ADDED ENTRY--PERSONAL NAME | |
| Personal name | Ellis, Harold, |
| Dates associated with a name | 1926- |
| Title of a work | Human cross-sectional anatomy |
| 907 ## - LOCAL DATA ELEMENT G, LDG (RLIN) | |
| a | .b10416584 |
| b | 23-03-22 |
| c | 23-03-22 |
| 942 ## - ADDED ENTRY ELEMENTS (KOHA) | |
| Koha item type | Ordinary Loan Books |
| Call number prefix | QM25 |
| Call number suffix | ELI |
| Date last seen | Total Checkouts | Full call number | Barcode | Cost, replacement price | Price effective from | Koha item type | Lost status | Source of classification or shelving scheme | Damaged status | Not for loan | Collection | Withdrawn status | Home library | Current library | Shelving location | Date acquired | Cost, normal purchase price |
|---|---|---|---|---|---|---|---|---|---|---|---|---|---|---|---|---|---|
| 01/23/2023 | QM25 ELL | 92004051567 | 80.00 | 01/23/2023 | BOOKS | LCC | NFIC | MAIN | MAIN | GEN | 01/23/2023 | 80.00 |